000 00705nam a2200229Ia 4500
003 OSt
005 20220927105831.0
006 a|||||r|||| 00| 0
007 ta
008 220926b |||||||| |||| 00| 0 eng d
024 _a197019
037 _cReference Collections
040 _aRTL
_cRTL
_beng
041 _2eng
_aeng
082 _a"X9(F55):86.2, Q1/Th"
100 _aRAI Priti
_9375388
245 0 _aInfrastructure project management in India
_b A study of selected power projects
260 _a"Delhi,"
_b"University of Delhi, "
_c2011
300 _a"viii, 154p+ xxiii"
_ccm.
942 _h"X9(F55):86.2, Q1/Th"
_cCC
999 _c694940
_d694940